Normal view
MARC view
- 1. METALS 2. ALLOYS
Entry Topical Term
001 - CONTROL NUMBER
- control field: 67374
003 - CONTROL NUMBER IDENTIFIER
- control field: NUST
005 - DATE AND TIME OF LATEST TRANSACTION
- control field: 20210628203813.0
008 - FIXED-LENGTH DATA ELEMENTS
- fixed length control field: 210628|| aca||aabn | a|a d
040 ## - CATALOGING SOURCE
- Original cataloging agency: NUST
- Transcribing agency: NUST
150 ## - HEADING--TOPICAL TERM
- Topical term or geographic name entry element: 1. METALS 2. ALLOYS
670 ## - SOURCE DATA FOUND
- Source citation: Work cat.: (NUST): HOLLOWAY, P.H, VAIDYANATHAN, P.N 67373, CHARACTERIZATION OF METALS AND ALLOYS, 1993
